000 00889nmm a2200253 a 4500
001 ocm000702804
003 TR-IsHL
005 20201028132617.0
008 131030s1968 tu tur
007 cr cn
035 _a702804
_b(N$T)
050 0 4 _aBP130.4
_b.C47 1968
090 0 4 _aBP130.4
_b.C47 1968
100 1 _aCerrahoğlu, İsmail
245 1 0 _aKur'an tefsirinin doğuşu ve buna hız veren amiller
_h[electronic resource] /
_cİsmail Cerrahoğlu
260 _aAnkara :
_bAnkara Üniversitesi İlahiyat Fakültesi,
_c1968
300 _a201 p.
650 4 _aFelsefe, Psikoloji ve Din
650 4 _aPhilosophy, Psychology and Religion
650 0 _aKuran
_x Tefsirler
650 0 _aQuran
_x Tafsir
650 7 _aRELIGION / Islam / Koran & Sacred Writings
_2bisacsh
856 4 0 _uhttp://search.ebscohost.com/login.aspx?direct=true&scope=site&db=e011xww&AN=702804
999 _c5185
_d5185